000 00969nam a2200313 i 4500
003 EG-GICUC
005 20260423083119.0
008 260423s1961 fr fr|||| 00| 0 fre d
040 _aEG-GiCUC
_bfre
_cEG-GiCUC
_dEG-GiCUC
_eRda
041 _afre
082 0 4 _221
_a343.5
_bST . D
092 0 4 _221
099 _aLaw1 10 343.5 ST . D 1961
100 1 _a Stefani, G.
_eAuteur
245 1 0 _aDroit Pénal Général Et Criminologie /
_c Par G. Stefani Et G. Levasseur.
250 _a Deuxième Édition
264 _aParis :
_b Dalloz,
_c 1961.
300 _a625 page;
_c 24 cm.
336 _2rda contenu
_a texte
337 _2rda medias
_aOrdinateur
338 _2 transporteur rda
_a Ressource en ligne
546 _aTexte en français
650 1 _aDroit pénal
_zFrance
_2qrmak
651 1 _2qrmak
700 1 _aLevasseur, G.
_eCo-Auteur
856 4 0 _uhttps://fll.law.cu.edu.eg/fulltext/bks/B10-11310.pdf
905 _a167
942 _2ddc
_cBK
_e21
_n0
999 _c72947
_d72947